[Event "World Blitz Women 2022"]
[Site "Almaty KAZ"]
[Date "2022.12.29"]
[Round "2.12"]
[White "Javakhishvili, Lela"]
[Black "Gvetadze, Sofio"]
[Result "1/2-1/2"]
[WhiteTitle "IM"]
[BlackTitle "IM"]
[WhiteElo "2440"]
[BlackElo "2298"]
[WhiteFideId "13601458"]
[BlackFideId "13601440"]
[EventDate "2022.12.29"]

1. d4 Nf6 2. c4 g6 3. g3 c5 4. dxc5 Na6 5. Bg2 Nxc5 6. Nc3 Bg7 7. Nf3 O-O 8. O-O
d6 9. Nd4 Rb8 10. h3 Ne6 11. Nc2 Bd7 12. a4 Bc6 13. Nd5 a5 14. Be3 Nc5 15. Nd4
Nxd5 16. cxd5 Bd7 17. Ra2 Qb6 18. Qd2 Rfc8 19. Rb1 Qd8 20. b3 Na6 21. Rc2 Rxc2
22. Nxc2 Rc8 23. Nd4 Qc7 24. Nb5 Bxb5 25. axb5 Nc5 26. b4 axb4 27. Qxb4 1/2-1/2

[Event "World Blitz Women 2022"]
[Site "Almaty KAZ"]
[Date "2022.12.29"]
[Round "2.13"]
[White "Yao, Lan"]
[Black "Zatonskih, Anna"]
[Result "1/2-1/2"]
[WhiteTitle "WIM"]
[BlackTitle "IM"]
[WhiteElo "2271"]
[BlackElo "2349"]
[WhiteFideId "8610835"]
[BlackFideId "14101572"]
[EventDate "2022.12.29"]

1. e4 d5 2. exd5 Qxd5 3. Nc3 Qd6 4. d4 c6 5. Nf3 Bg4 6. Be3 Nf6 7. h3 Bh5 8. g3
e6 9. Bg2 Qc7 10. g4 Bg6 11. Ne5 Nbd7 12. Nxg6 hxg6 13. Qe2 Bd6 14. O-O-O O-O-O
15. Kb1 Kb8 16. Ne4 Nxe4 17. Bxe4 Nf6 18. Bg2 Nd5 19. c4 Nf4 20. Bxf4 Bxf4 21.
Rd3 Rd7 22. Rhd1 Rhd8 23. Qe4 e5 24. dxe5 Rxd3 25. Rxd3 Rxd3 26. Qxd3 Bxe5 27.
Be4 Qb6 28. Qd2 a6 29. a3 Ka7 30. Ka2 Bd4 31. f3 g5 32. Qc2 f6 33. Qb3 Qc5 34.
Qd3 Qe5 35. Qb3 Qd6 36. Qd3 Qc5 37. Qb3 Qe5 38. Bf5 Qh2 39. Qc2 Qd6 40. Be4 Qe5
41. Qb3 Qh2 42. Qc2 Qxh3 43. Qd3 Be5 44. Qe3+ Kb8 45. Qb6 Qh2 46. Bxc6 Qxb2+ 47.
Qxb2 Bxb2 48. Bxb7 Bxa3 49. Bxa6 Bc5 50. Kb3 Kc7 51. Kc3 1/2-1/2

[Event "World Blitz Women 2022"]
[Site "Almaty KAZ"]
[Date "2022.12.29"]
[Round "2.14"]
[White "Shuvalova, Polina"]
[Black "Nakhbayeva, Guliskhan"]
[Result "1-0"]
[WhiteTitle "IM"]
[BlackTitle "IM"]
[WhiteElo "2502"]
[BlackElo "2326"]
[WhiteFideId "24171760"]
[BlackFideId "13704788"]
[EventDate "2022.12.29"]

1. d4 Nf6 2. Nf3 e6 3. Bg5 d5 4. Nbd2 Be7 5. e3 O-O 6. Bd3 c5 7. c3 Nc6 8. Ne5
Nxe5 9. dxe5 Nd7 10. Bxe7 Qxe7 11. f4 f6 12. exf6 Nxf6 13. O-O e5 14. Qe2 Bg4
15. Qf2 Rae8 16. Rae1 a6 17. h3 Bd7 18. Bc2 e4 19. Bb3 Kh8 20. Qh4 Bb5 21. Rf2
Bd3 22. Kh1 b5 23. Bd1 a5 24. g4 b4 25. g5 Nd7 26. Bb3 Qd6 27. Qg4 c4 28. Ba4
Rd8 29. Bxd7 Qxd7 30. f5 Qd6 31. Rg1 Rb8 32. f6 g6 33. h4 Rf7 34. h5 Qd7 35. Qh4
Rg8 36. Rh2 bxc3 37. bxc3 Qf5 38. Rf2 Qd7 39. Nf1 Bxf1 40. Rgxf1 gxh5 41. Qxh5
Rg6 42. Rh2 Kg8 43. Rf4 Qa4 44. Qg4 Qc6 45. Qf5 Qb6 46. Rfh4 Qb1+ 47. Kg2 Qc2+
48. Kg3 1-0

[Event "World Blitz Women 2022"]
[Site "Almaty KAZ"]
[Date "2022.12.29"]
[Round "2.15"]
[White "Danielian, Elina"]
[Black "Gong, Qianyun"]
[Result "1-0"]
[WhiteTitle "GM"]
[BlackTitle "WGM"]
[WhiteElo "2431"]
[BlackElo "2299"]
[WhiteFideId "13300210"]
[BlackFideId "8602425"]
[EventDate "2022.12.29"]

1. d4 e6 2. Nf3 Nf6 3. e3 b6 4. Bd3 Bb7 5. O-O g6 6. c4 Bg7 7. Nc3 O-O 8. e4 d6
9. h3 Nbd7 10. Bg5 h6 11. Be3 Nh5 12. Re1 f5 13. exf5 exf5 14. d5 Ne5 15. Be2
Nxf3+ 16. Bxf3 Nf6 17. Nb5 Bc8 18. Nd4 Ne4 19. Qc2 Re8 20. Rad1 a5 21. b3 Nc5
22. Nc6 Qd7 23. Bd4 Bb7 24. Rxe8+ Rxe8 25. Bxg7 Qxg7 26. Nd4 Bc8 27. Qd2 Ne4 28.
Bxe4 Rxe4 29. Nb5 Kh7 30. Re1 Qe7 31. Rxe4 fxe4 32. Qf4 Bf5 33. g4 Bc8 1-0

[Event "World Blitz Women 2022"]
[Site "Almaty KAZ"]
[Date "2022.12.29"]
[Round "2.16"]
[White "Fataliyeva, Ulviyya"]
[Black "Gaboyan, Susanna"]
[Result "1-0"]
[WhiteTitle "IM"]
[BlackTitle "WIM"]
[WhiteElo "2428"]
[BlackElo "2200"]
[WhiteFideId "13403052"]
[BlackFideId "13303627"]
[EventDate "2022.12.29"]

1. d4 Nf6 2. Nc3 d5 3. Bf4 Bf5 4. Nf3 e6 5. e3 Bd6 6. Ne5 a6 7. g4 Bg6 8. h4 h5
9. Nxg6 fxg6 10. g5 Bxf4 11. exf4 Ng8 12. Qe2 Qd6 13. Bh3 Kf7 14. O-O-O Ne7 15.
Rhe1 Nf5 16. Bxf5 gxf5 17. g6+ Ke7 18. Qf3 Kd7 19. Re5 Nc6 20. Nxd5 Kc8 21. Nc3
Nxe5 22. dxe5 Qc6 23. Qd3 b6 24. Ne2 Kb7 25. Nd4 Qd7 26. Qf3+ c6 27. Nxc6 Qc7
28. Nd4+ Ka7 29. Nxe6 Qb7 1-0

[Event "World Blitz Women 2022"]
[Site "Almaty KAZ"]
[Date "2022.12.29"]
[Round "2.17"]
[White "Injac, Teodora"]
[Black "Enkhtuul, Altan-Ulzii"]
[Result "1-0"]
[WhiteTitle "WGM"]
[BlackTitle "WGM"]
[WhiteElo "2365"]
[BlackElo "2285"]
[WhiteFideId "932400"]
[BlackFideId "4901444"]
[EventDate "2022.12.29"]

1. Nf3 Nf6 2. c4 g6 3. d4 c5 4. Nc3 Bg7 5. e4 cxd4 6. Nxd4 d6 7. Be2 O-O 8. Be3
Nc6 9. O-O a6 10. Qd2 Qc7 11. Rac1 Ne5 12. f3 Be6 13. Nd5 Bxd5 14. cxd5 Qd8 15.
Rc2 Rc8 16. Rfc1 Rxc2 17. Qxc2 Ned7 18. b4 Ne8 19. Qc8 Qxc8 20. Rxc8 Nef6 21.
Rc7 Rb8 22. g4 h6 23. h4 Ne5 24. g5 hxg5 25. hxg5 Ne8 26. Rc2 Nd7 27. f4 Kf8 28.
Kf2 Kg8 29. a4 Ra8 30. a5 Rb8 31. Bg4 Rd8 32. Nb3 Kf8 33. Nd2 Kg8 34. Nf3 Kf8
35. Rc1 f6 36. Be6 fxg5 37. Nxg5 Nef6 38. Kf3 Bh6 39. Rg1 Kg7 40. Nh3 Kh7 41.
Ng5+ Kg7 42. Bh3 Rc8 43. Ne6+ Kf7 44. Bd4 Rc4 45. Rb1 Rc2 46. Bf1 Bg7 47. Bd3
Bf8 48. Bxc2 Ne8 49. Bb3 Bh6 50. Rh1 Bf8 51. Nxf8 Nxf8 52. e5 Ng7 53. e6+ Kg8
54. Bxg7 Kxg7 55. Rc1 Kf6 56. Rc7 Nh7 57. Rxb7 g5 58. b5 axb5 59. a6 gxf4 60. a7 1-0

[Event "World Blitz Women 2022"]
[Site "Almaty KAZ"]
[Date "2022.12.29"]
[Round "2.18"]
[White "Girya, Olga"]
[Black "Mikhaylova, Irina"]
[Result "1-0"]
[WhiteTitle "GM"]
[BlackTitle "WGM"]
[WhiteElo "2398"]
[BlackElo "2257"]
[WhiteFideId "4195752"]
[BlackFideId "4109040"]
[EventDate "2022.12.29"]

1. d4 Nf6 2. Nf3 g6 3. Bg5 Bg7 4. Nbd2 d5 5. Bxf6 Bxf6 6. e4 O-O 7. exd5 Qxd5 8.
Bc4 Qd8 9. Ne4 Bg7 10. c3 Nd7 11. O-O Nf6 12. Nxf6+ Bxf6 13. h3 Qd6 14. Re1 e6
15. Qe2 b6 16. Rad1 Bb7 17. Ne5 Rad8 18. Bb3 Bg7 19. Qe3 Bd5 20. Bxd5 exd5 21.
Nd3 c6 22. h4 Qd7 23. Qf4 Rfe8 24. Ne5 Qd6 25. Qxf7+ Kh8 26. Qxe8+ 1-0

[Event "World Blitz Women 2022"]
[Site "Almaty KAZ"]
[Date "2022.12.29"]
[Round "2.19"]
[White "Petrova, Irina"]
[Black "Tania, Sachdev"]
[Result "0-1"]
[WhiteTitle "WIM"]
[BlackTitle "IM"]
[WhiteElo "2123"]
[BlackElo "2389"]
[WhiteFideId "14124122"]
[BlackFideId "5007844"]
[EventDate "2022.12.29"]

1. e4 e5 2. Nf3 Nc6 3. Bb5 a6 4. Ba4 Nf6 5. d3 d6 6. c3 g6 7. O-O Bg7 8. Nbd2
O-O 9. Re1 Nd7 10. Nf1 Nc5 11. Bc2 Ne6 12. b4 f5 13. Bb2 fxe4 14. dxe4 Nf4 15.
Ne3 Kh8 16. Bd3 Be6 17. Bf1 Qf6 18. Nd5 Qd8 19. Nxf4 Rxf4 20. Bc1 Rf8 21. Bg5
Qd7 22. Nd2 Qf7 23. Qe2 Bxa2 24. f3 Be6 25. Be3 Bd7 26. Qd1 Nd8 27. Bc4 Be6 28.
Qb3 Bxc4 29. Nxc4 Ne6 30. Na5 b6 31. Nc4 Bf6 32. Nd2 Qe7 33. Qc4 Bg5 34. Rxa6
Rxa6 35. Qxa6 Bxe3+ 36. Rxe3 Qg5 37. Re2 Nf4 38. Rf2 Nh3+ 39. Kf1 Nxf2 40. Kxf2
Qxd2+ 0-1

[Event "World Blitz Women 2022"]
[Site "Almaty KAZ"]
[Date "2022.12.29"]
[Round "2.20"]
[White "Atalik, Ekaterina"]
[Black "Omonova, Umida"]
[Result "1-0"]
[WhiteTitle "IM"]
[BlackTitle "WFM"]
[WhiteElo "2403"]
[BlackElo "2052"]
[WhiteFideId "4130189"]
[BlackFideId "14210363"]
[EventDate "2022.12.29"]

1. d4 Nf6 2. Nf3 d5 3. c4 dxc4 4. e3 e6 5. Bxc4 a6 6. O-O b5 7. Be2 Bb7 8. b3
Nbd7 9. Bb2 c5 10. Nbd2 Bd6 11. Ne5 Bxe5 12. dxe5 Nd5 13. Bf3 O-O 14. Ne4 f5 15.
exf6 N7xf6 16. Nxf6+ gxf6 17. Rc1 Qe7 18. Qc2 Rac8 19. Rfd1 Qg7 20. Qe4 Rfe8 21.
Kh1 Re7 22. Qh4 Rf7 23. Qg4 Qxg4 24. Bxg4 f5 25. Bf3 c4 26. bxc4 bxc4 27. Be5
Rd7 28. e4 fxe4 29. Bxe4 a5 30. f4 Rdd8 31. f5 exf5 32. Bxf5 Rc6 33. Bc3 Rcd6
34. Bxa5 Rf8 35. Be4 Rdf6 36. Bf3 R6f7 37. Rxd5 Rxf3 38. Rg5+ Kh8 39. gxf3 Rxf3
40. Kg1 h6 41. Bc3+ Rxc3 42. Rxc3 hxg5 43. Rxc4 Bd5 44. Rc2 Kg7 45. a4 Kf6 46.
Rc5 Bb7 47. a5 Ke6 48. a6 Bf3 49. Rxg5 1-0

[Event "World Blitz Women 2022"]
[Site "Almaty KAZ"]
[Date "2022.12.29"]
[Round "2.21"]
[White "Buksa, Nataliya"]
[Black "Sultanbek, Zeinep"]
[Result "1-0"]
[WhiteTitle "IM"]
[BlackTitle "WIM"]
[WhiteElo "2405"]
[BlackElo "1891"]
[WhiteFideId "14123622"]
[BlackFideId "13710419"]
[EventDate "2022.12.29"]

1. d4 Nf6 2. Nc3 d5 3. Bf4 e6 4. Nb5 Na6 5. e3 c6 6. Nc3 Bb4 7. Bd3 O-O 8. Nf3
Qa5 9. Qd2 c5 10. Be5 c4 11. Bxf6 cxd3 12. Be5 dxc2 13. O-O f6 14. Bg3 Bd7 15.
Qxc2 Rac8 16. Rfc1 Be8 17. a3 Be7 18. b4 Qd8 19. Qd2 Nb8 20. Ne2 Bc6 21. Nf4 Qd7
22. Nd3 b6 23. Qd1 Qb7 24. a4 a6 25. Qb3 Rfd8 26. h4 Be8 27. b5 a5 28. Nf4 Bf7
29. h5 Nd7 30. Qb2 Qb8 31. Nxd5 Bd6 32. Ne7+ Bxe7 33. Bxb8 Rxb8 34. h6 gxh6 35.
Rc6 Rb7 36. Rac1 Nf8 37. Rc7 Rxc7 38. Rxc7 Bd6 39. Rc6 Bh5 40. Rxb6 Bxf3 41.
gxf3 Bc7 42. Rc6 Bb8 43. b6 Kf7 44. b7 Nd7 45. Rc8 Rf8 46. Rxf8+ Kxf8 47. Qb5
Ke7 48. Qh5 Kd8 49. Qxh6 Kc7 50. Qxh7 Ba7 51. f4 Bb8 52. Qe7 1-0

[Event "World Blitz Women 2022"]
[Site "Almaty KAZ"]
[Date "2022.12.29"]
[Round "2.22"]
[White "Padmini, Rout"]
[Black "Assylkhan, Asiya"]
[Result "1-0"]
[WhiteTitle "IM"]
[WhiteElo "2389"]
[BlackElo "1430"]
[WhiteFideId "5029295"]
[BlackFideId "13752707"]
[EventDate "2022.12.29"]

1. e4 c6 2. d4 d5 3. e5 Bf5 4. Nf3 e6 5. Be2 Nd7 6. O-O h6 7. Nbd2 Ne7 8. Nb3 c5
9. Nxc5 Nxc5 10. dxc5 Nc6 11. Nd4 Nxd4 12. Qxd4 Qd7 13. c3 1-0

[Event "World Blitz Women 2022"]
[Site "Almaty KAZ"]
[Date "2022.12.29"]
[Round "2.23"]
[White "Bayasgalan, Khishigbaatar"]
[Black "Badelka, Olga"]
[Result "0-1"]
[WhiteTitle "WCM"]
[BlackTitle "IM"]
[WhiteElo "1811"]
[BlackElo "2416"]
[WhiteFideId "4904311"]
[BlackFideId "13509926"]
[EventDate "2022.12.29"]

1. d4 Nf6 2. Nc3 d5 3. Bg5 Nbd7 4. f3 h6 5. Bxf6 Nxf6 6. e4 e6 7. a3 a6 8. e5
Nd7 9. b4 a5 10. Rb1 axb4 11. axb4 Nb6 12. Qd2 Bd7 13. Nh3 Be7 14. Be2 f5 15.
exf6 Bxf6 16. Nf4 O-O 17. Ng6 Rf7 18. O-O Be8 19. f4 Rd7 20. Ne5 Bxe5 21. fxe5
Bg6 22. Ra1 Rxa1 23. Rxa1 Rf7 24. Rf1 Rxf1+ 25. Bxf1 Qh4 26. Nb5 Qe7 27. c3 Be4
28. Qf4 Na4 29. Qc1 Qf7 30. Qa3 Nb6 31. Qc1 Nc4 32. Bxc4 dxc4 33. Qe3 Bd5 34.
Na3 Qf5 35. h3 Qh5 36. Nb5 Qg6 37. Nxc7 Qxg2# 0-1

[Event "World Blitz Women 2022"]
[Site "Almaty KAZ"]
[Date "2022.12.29"]
[Round "2.24"]
[White "Paehtz, Elisabeth"]
[Black "Bauyrzhan, Arnash"]
[Result "1-0"]
[WhiteTitle "GM"]
[WhiteElo "2464"]
[BlackElo "2041"]
[WhiteFideId "4641833"]
[BlackFideId "13706322"]
[EventDate "2022.12.29"]

1. d4 d5 2. Bf4 Nf6 3. e3 e6 4. Nf3 Bd6 5. Bg3 O-O 6. Nbd2 c5 7. c3 Qc7 8. Bxd6
Qxd6 9. Ne5 Nbd7 10. f4 b6 11. Bd3 Bb7 12. Qf3 Qe7 13. O-O h6 14. Rad1 Rac8 15.
g4 Nxe5 16. fxe5 Nd7 17. Qg3 f6 18. Nf3 fxe5 19. Nxe5 Nxe5 20. Qxe5 Rf6 21. Rxf6
Qxf6 22. Qg3 Rf8 23. Rf1 Qe7 24. Rxf8+ Qxf8 25. Qe5 Qe7 26. Qb8+ Kf7 27. Qxa7
cxd4 28. exd4 Bc6 29. Qxe7+ Kxe7 30. Kf2 Kf6 31. Ke3 e5 32. dxe5+ Kxe5 33. Bf5
Be8 34. Bc8 Bg6 35. b4 Bb1 36. a3 Ba2 37. a4 Bc4 38. a5 bxa5 39. bxa5 Bb5 40. a6
Kd6 41. Kd4 Bc6 42. Bb7 1-0

[Event "World Blitz Women 2022"]
[Site "Almaty KAZ"]
[Date "2022.12.29"]
[Round "2.25"]
[White "Shukhman, Anna"]
[Black "Mkrtchian, Lilit"]
[Result "1-0"]
[WhiteTitle "WFM"]
[BlackTitle "IM"]
[WhiteElo "2161"]
[BlackElo "2377"]
[WhiteFideId "54180058"]
[BlackFideId "13300601"]
[EventDate "2022.12.29"]

1. e4 e6 2. d4 d5 3. Nc3 Nf6 4. e5 Nfd7 5. f4 c5 6. Nf3 Nc6 7. Be3 a6 8. Be2 b5
9. a3 Bb7 10. O-O cxd4 11. Nxd4 Bc5 12. Qd2 Qb6 13. Rad1 O-O 14. b4 Bxd4 15.
Bxd4 Nxd4 16. Qxd4 Rac8 17. Rf3 Rc7 18. Bf1 Qxd4+ 19. Rxd4 Rfc8 20. Ne2 Rxc2 21.
Rd1 Ra2 22. Nd4 g6 23. g4 Nb6 24. f5 Nc4 25. fxe6 fxe6 26. Nxe6 Nxe5 27. Rf4 d4
28. Nxd4 Rd8 29. Ne6 Re8 30. Nc7 Rc8 31. Nd5 Kg7 32. Rf2 Rxf2 33. Kxf2 Nxg4+ 34.
Kg3 h5 35. h3 Nh6 36. Bg2 Nf5+ 37. Kf4 Rc2 38. Be4 Rf2+ 39. Ke5 Re2 40. Nc3 Re3
41. Rd3 Re1 42. Nd5 h4 43. Rc3 Bxd5 44. Kxd5 Ng3 45. Bf3 Rf1 46. Bg4 Rf6 47. Rc6
Rxc6 48. Kxc6 Ne4 49. Kb6 Nd6 50. Kxa6 Nc4 51. Kxb5 Nxa3+ 52. Kc5 Kf6 53. b5
Nxb5 54. Kxb5 g5 55. Kc5 Ke5 56. Kc4 Kf6 57. Kd4 Kg7 58. Ke5 Kf7 59. Kf5 Kg7 60.
Ke6 Kg6 61. Ke7 Kg7 62. Bf5 Kh6 63. Kf6 Kh5 64. Bd3 Kh6 65. Bg6 1-0

[Event "World Blitz Women 2022"]
[Site "Almaty KAZ"]
[Date "2022.12.29"]
[Round "2.26"]
[White "Borisova, Ekaterina"]
[Black "Frayna, Janelle Mae"]
[Result "0-1"]
[WhiteTitle "FM"]
[BlackTitle "WGM"]
[WhiteElo "2223"]
[BlackElo "2265"]
[WhiteFideId "34124184"]
[BlackFideId "5212499"]
[EventDate "2022.12.29"]

1. d4 Nf6 2. c4 g6 3. Nc3 d5 4. cxd5 Nxd5 5. Bd2 Bg7 6. e4 Nxc3 7. Bxc3 c5 8. d5
Bxc3+ 9. bxc3 O-O 10. Qd2 e6 11. d6 Nd7 12. h4 h5 13. Nf3 e5 14. Bc4 Qf6 15. Rd1
Nb6 16. Be2 Bg4 17. Qe3 Rac8 18. Ng5 Bxe2 19. Kxe2 Rfd8 20. g4 Nc4 21. Qc1 hxg4
22. h5 Rxd6 23. hxg6 Qxg6 24. Rxd6 Nxd6 25. Qe3 f6 26. Ne6 Qxe4 27. Rg1 Qxe3+
28. Kxe3 Kf7 0-1

[Event "World Blitz Women 2022"]
[Site "Almaty KAZ"]
[Date "2022.12.29"]
[Round "2.27"]
[White "Nomin-Erdene, Davaademberel"]
[Black "Paramzina, Anastasya"]
[Result "1-0"]
[WhiteTitle "IM"]
[BlackTitle "WGM"]
[WhiteElo "2384"]
[BlackElo "2227"]
[WhiteFideId "4900782"]
[BlackFideId "4165012"]
[EventDate "2022.12.29"]

1. f4 d5 2. Nf3 c5 3. g3 Nc6 4. Bg2 g6 5. O-O Bg7 6. d3 Nf6 7. c3 O-O 8. Na3 b6
9. Qc2 Bb7 10. e4 dxe4 11. dxe4 a6 12. e5 Ne8 13. Rd1 Qc7 14. Nc4 Rd8 15. Be3 b5
16. Ncd2 Nb8 17. Ne4 Nd7 18. Rd2 Bxe4 19. Qxe4 Rb8 20. Rad1 Nb6 21. b3 e6 22.
Bf2 Nd5 23. Rc1 Qe7 24. c4 bxc4 25. Rxc4 Rb5 26. Ne1 Nec7 27. Nd3 Rd8 28. Nxc5
a5 29. Qe2 Rc8 30. Ne4 Rb4 31. Nd6 Rcb8 32. Rdc2 Rxc4 33. Qxc4 Bf8 34. a3 Qd8
35. Bc5 Ra8 36. h3 Na6 37. b4 axb4 38. axb4 Nxc5 39. bxc5 Ra3 40. Kh2 g5 41.
Bxd5 exd5 42. Qxd5 Bxd6 43. cxd6 gxf4 44. gxf4 Qh4 45. Qg2+ Kh8 46. Rc8+ 1-0

[Event "World Blitz Women 2022"]
[Site "Almaty KAZ"]
[Date "2022.12.29"]
[Round "2.28"]
[White "Kirchei, Viktoriia"]
[Black "Lagno, Kateryna"]
[Result "0-1"]
[WhiteTitle "WFM"]
[BlackTitle "GM"]
[WhiteElo "2070"]
[BlackElo "2563"]
[WhiteFideId "34133396"]
[BlackFideId "14109336"]
[EventDate "2022.12.29"]

1. e4 e5 2. Nf3 Nc6 3. Bb5 a6 4. Ba4 d6 5. O-O Bd7 6. c3 g6 7. h3 Bg7 8. Re1 Nf6
9. d4 O-O 10. Nbd2 Qe8 11. d5 Ne7 12. Bxd7 Nxd7 13. Nf1 h6 14. N3h2 f5 15. f3 h5
16. Bg5 Bf6 17. Bh6 Rf7 18. Be3 Bh4 19. g3 Bf6 20. Bf2 Bg5 21. Ne3 f4 22. gxf4
Bxf4 23. Ng2 Bh6 24. Qe2 Qf8 25. Rf1 Qg7 26. Rad1 Raf8 27. Rd3 Kh7 28. Be1 Nc5
29. Rd1 g5 30. b4 Nd7 31. Rd3 Nf6 32. Rf2 Rg8 33. Kh1 Ng6 34. Nf1 h4 35. Nfe3
Nh5 36. Rf1 Ngf4 37. Nxf4 Nxf4 38. Qd1 Nxd3 39. Qxd3 g4 40. Nxg4 Bf4 41. Qe2 Qg6
42. Rg1 Qh5 43. Qg2 Kh8 44. Qe2 Rgf8 45. Qg2 Bg3 46. Bxg3 hxg3 47. Rf1 Qh4 48.
Ne3 Rh7 49. Nf5 Qxh3+ 50. Qxh3 Rxh3+ 51. Kg2 Rh5 52. Kxg3 Rg8+ 53. Kf2 Rh2+ 54.
Ke3 Rgg2 55. a3 b5 56. Re1 Rc2 57. Kd3 Ra2 58. Ne7 Rxa3 59. Ng6+ Kg7 60. Ne7 a5
61. bxa5 b4 62. Rc1 b3 63. Nc6 b2 64. Rb1 Ra1 0-1

[Event "World Blitz Women 2022"]
[Site "Almaty KAZ"]
[Date "2022.12.29"]
[Round "2.29"]
[White "Koneru, Humpy"]
[Black "Kurmangaliyeva, Liya"]
[Result "0-1"]
[WhiteTitle "GM"]
[BlackTitle "FM"]
[WhiteElo "2572"]
[BlackElo "2287"]
[WhiteFideId "5008123"]
[BlackFideId "13725831"]
[EventDate "2022.12.29"]

1. d4 d5 2. c4 c6 3. Nf3 Nf6 4. e3 Bf5 5. Nc3 e6 6. Nh4 Be4 7. f3 Bg6 8. Qb3 Qc7
9. Nxg6 hxg6 10. cxd5 exd5 11. Bd2 Nbd7 12. O-O-O a5 13. Kb1 b5 14. Qc2 a4 15.
Nxb5 Qb6 16. Nc3 a3 17. b3 Bd6 18. e4 Bb4 19. e5 Nh5 20. e6 Nf8 21. exf7+ Kxf7
22. Bd3 Bd6 23. Ne2 Rc8 24. Rc1 Nf6 25. Nf4 Bxf4 26. Bxf4 Qxd4 27. Bd2 Qb6 28.
g4 c5 29. g5 N6d7 30. h4 c4 31. Ka1 Qd4+ 32. Bc3 Qxd3 33. Qxd3 cxd3 34. Bd2 Ne6
35. Rce1 Nd4 36. Kb1 Nf5 37. Bb4 Rhe8 38. Bxa3 Ne5 39. f4 Nf3 40. Rd1 d2 41. Rh3
Re1 0-1

[Event "World Blitz Women 2022"]
[Site "Almaty KAZ"]
[Date "2022.12.29"]
[Round "2.30"]
[White "Nurgali, Nazerke"]
[Black "Kosteniuk, Alexandra"]
[Result "0-1"]
[WhiteTitle "WIM"]
[BlackTitle "GM"]
[WhiteElo "2168"]
[BlackElo "2520"]
[WhiteFideId "13711261"]
[BlackFideId "4128125"]
[EventDate "2022.12.29"]

1. d4 f5 2. c4 Nf6 3. g3 g6 4. Bg2 Bg7 5. Nh3 Nc6 6. Nc3 d6 7. d5 Ne5 8. Qb3 h6
9. Nf4 g5 10. Nd3 Nxd3+ 11. exd3 O-O 12. Bd2 a5 13. h4 g4 14. a3 Nd7 15. Qc2 Nc5
16. O-O a4 17. Rae1 Bd7 18. Be3 Nb3 19. Ne2 c6 20. Nf4 Qe8 21. f3 Rc8 22. fxg4
fxg4 23. Kh2 Bf5 24. Be4 cxd5 25. Nxd5 Bxe4 26. dxe4 e6 27. Nf4 b5 28. Qe2 Rxc4
29. Qxg4 Rxe4 30. Qf3 d5 31. Qg2 Rf5 32. Bg1 Rfe5 33. Rxe4 Rxe4 34. Qf3 Nd2 35.
Qg4 Nxf1+ 0-1

[Event "World Blitz Women 2022"]
[Site "Almaty KAZ"]
[Date "2022.12.29"]
[Round "2.31"]
[White "Khademalsharieh, Sarasadat"]
[Black "Kairbekova, Amina"]
[Result "1-0"]
[WhiteTitle "IM"]
[BlackTitle "WIM"]
[WhiteElo "2490"]
[BlackElo "2209"]
[WhiteFideId "12512214"]
[BlackFideId "13712799"]
[EventDate "2022.12.29"]

1. d4 Nf6 2. c4 g6 3. Nf3 Bg7 4. g3 O-O 5. Bg2 d6 6. O-O c5 7. dxc5 dxc5 8. Nc3
Be6 9. Ng5 Bc8 10. Be3 h6 11. Nge4 Nxe4 12. Nxe4 Nc6 13. Nxc5 Qc7 14. Qc1 Kh7
15. Rd1 b6 16. Nd3 Bb7 17. Rb1 e5 18. b4 f5 19. b5 Nd4 20. Bxd4 exd4 21. Bxb7
Qxb7 22. Nf4 Rae8 23. c5 g5 24. Nh5 Bh8 25. Qc2 Qf7 26. g4 Re4 27. f3 Ree8 28.
Ng3 Kg8 29. Nxf5 Qe6 30. c6 Qxe2 31. Qxe2 Rxe2 32. Re1 Rxa2 33. c7 Kf7 34. Nd6+
Kg6 35. c8=Q Rxc8 36. Nxc8 d3 37. Ne7+ Kf7 38. Nf5 h5 39. Rbd1 Bc3 40. Re7+ Kf6
41. Rxd3 Bb4 42. Re4 Bc5+ 43. Kf1 hxg4 44. fxg4 Ra1+ 45. Ke2 Ra2+ 46. Rd2 Ra3
47. Ng3 Rb3 48. Nh5+ Kf7 49. Rd7+ Kf8 50. Nf6 Rb2+ 51. Kd3 Rb3+ 52. Kc2 1-0

[Event "World Blitz Women 2022"]
[Site "Almaty KAZ"]
[Date "2022.12.29"]
[Round "2.32"]
[White "Serikbay, Assel"]
[Black "Abdumalik, Zhansaya"]
[Result "1/2-1/2"]
[WhiteTitle "WIM"]
[BlackTitle "GM"]
[WhiteElo "2230"]
[BlackElo "2496"]
[WhiteFideId "13706799"]
[BlackFideId "13703544"]
[EventDate "2022.12.29"]

1. d4 Nf6 2. c4 g6 3. g3 Bg7 4. Bg2 d5 5. cxd5 Nxd5 6. Nc3 Nb6 7. Nf3 O-O 8. O-O
Nc6 9. e3 Re8 10. h3 a5 11. Qc2 Be6 12. Rd1 Nb4 13. Qb1 Qc8 14. Kh2 c5 15. a3
Na6 16. Ne5 Bb3 17. Re1 a4 18. Qd3 Rb8 19. f4 Rd8 20. Bd2 Nc7 21. Ne2 c4 22. Qe4
Nbd5 23. Nc3 e6 24. Qf3 Ne7 25. Rac1 b5 26. Nc6 Nxc6 27. Qxc6 Qd7 28. Qxd7 Rxd7
29. Ne4 Na6 30. Bb4 f5 31. Nc5 Nxc5 32. Bxc5 Bf8 33. Bxf8 Kxf8 34. Rc3 b4 35.
axb4 Rxb4 36. Ra1 Ke7 37. g4 Ra7 38. Kg3 Kd6 39. Bf1 Rab7 40. Rac1 Rc7 41. Be2
Rc8 42. Bf1 Rc7 43. Be2 Rc8 1/2-1/2

[Event "World Blitz Women 2022"]
[Site "Almaty KAZ"]
[Date "2022.12.29"]
[Round "2.33"]
[White "Khotenashvili, Bela"]
[Black "Hajiyeva, Laman"]
[Result "1-0"]
[WhiteTitle "GM"]
[BlackTitle "WFM"]
[WhiteElo "2485"]
[BlackElo "2135"]
[WhiteFideId "13602640"]
[BlackFideId "13415875"]
[EventDate "2022.12.29"]

1. Nf3 Nf6 2. g3 g6 3. b3 Bg7 4. Bb2 O-O 5. c4 c6 6. Bg2 d5 7. O-O a5 8. d4 a4
9. Nbd2 a3 10. Bc3 Bf5 11. Nh4 Bg4 12. h3 Be6 13. Rc1 Qd7 14. Kh2 b5 15. Nhf3
Qb7 16. cxb5 cxb5 17. Bb4 Nc6 18. Bc5 Rfc8 19. b4 Ra4 20. Qb3 Ne4 21. e3 Nxc5
22. Rxc5 Nxb4 23. Rfc1 Na6 24. Rxb5 Qa8 25. Rxc8+ Qxc8 26. Qxa4 Bd7 27. Qa5 Bxb5
28. Qxb5 Nc7 29. Qc5 Qd8 30. Qxa3 1-0

[Event "World Blitz Women 2022"]
[Site "Almaty KAZ"]
[Date "2022.12.29"]
[Round "2.34"]
[White "Nomindalai, Tumurbaatar"]
[Black "Osmak, Yuliia"]
[Result "1/2-1/2"]
[WhiteTitle "CM"]
[BlackTitle "IM"]
[WhiteElo "2132"]
[BlackElo "2451"]
[WhiteFideId "4904095"]
[BlackFideId "14101602"]
[EventDate "2022.12.29"]

1. d4 f5 2. Bg5 g6 3. e3 Bg7 4. Nf3 Nf6 5. Be2 d6 6. h4 h6 7. Bxf6 Bxf6 8. c3 e5
9. dxe5 dxe5 10. Qxd8+ Kxd8 11. Na3 Ke7 12. O-O-O a6 13. Nd2 Be6 14. Kb1 Nd7 15.
e4 Nc5 16. Bc4 Bd7 17. Ka1 b5 18. Be2 Nxe4 19. Nxe4 fxe4 20. Nc2 Bc6 21. Nb4 Bb7
22. Nd5+ Bxd5 23. Rxd5 Rad8 24. c4 Rxd5 25. cxd5 Kd6 26. Rc1 Kxd5 27. Rxc7 Bxh4
28. Rd7+ Kc6 29. Rg7 g5 30. f3 exf3 31. Bxf3+ Kc5 32. Rg6 a5 33. a3 Re8 34. Rxh6
e4 35. Be2 b4 36. Ka2 Kd4 37. Ra6 Ke3 38. Bg4 Kf4 39. Bh5 e3 40. Bxe8 e2 41. Re6
e1=Q 42. Rxe1 Bxe1 43. axb4 Bxb4 44. Kb3 Kg3 45. Bc6 Kf2 46. Bd5 Bd2 47. Bc6 Bc1
48. Ka4 Bxb2 49. Kxa5 Be5 50. Kb5 Bg3 1/2-1/2